Pentadbiran Mahathir : prestasi dan krisis dalam pemerintahan

Bibliographic Details
Format: Book
Published: Kuala Lumpur : Times Books Internasional , 2003
Subjects:

MARC

LEADER 00000cam a2200000 7i4500
001 0000015271
005 20080321.0
008 080321
020 |a 9812323953 
090 0 0 |a 959.5054   |b PEN 
245 1 0 |a Pentadbiran Mahathir :   |b prestasi dan krisis dalam pemerintahan   |c diedit oleh Ho Khai Leong dan James Chin 
260 |a Kuala Lumpur :   |b Times Books Internasional ,   |c 2003 
650 0 |a Malaysia   |x Ecomomic policy 
650 0 |a Malaysia   |x Politics and government 
999 |a 0001010850   |b Book   |c Adult Collection   |e Perbadanan Perpustakaan Awam Johor